000 01320cam a2200361 a 4500
001 11966033
003 OSt
005 20140310184315.0
008 000406s2001 nyua j 000 1 eng
010 _a 00039325
020 _a0307265102 (pbk.)
020 _a0307465101 (gb)
040 _aDLC
_cDLC
_dDLC
042 _alcac
050 0 0 _aPZ 7
_b.R8139Wl 2001
100 1 _aRoy, Ron,
_d1940-
_923440
245 1 0 _aWho cloned the President? /
_cRon Roy ; illustrated by Liza Woodruff.
260 _aNew York, NY :
_bScholastic Inc.,
_c2004
300 _a75 p. :
_bill. ;
_c20 cm.
440 0 _aRoad to reading.
_nMile 5
_923441
520 _aKC discovers that the President of the United States has been replaced by a clone and sets out with her friend Marshall on a dangerous mission to set things right.
521 _aG2
526 _c340
650 1 _aCloning
_vFiction.
_923442
700 1 _aWoodruff, Liza,
_eill.
_923443
856 4 2 _3Publisher description
_uhttp://www.loc.gov/catdir/enhancements/fy0727/00039325-d.html
906 _a7
_bcbc
_corignew
_d1
_eocip
_f20
_gy-gencatlg
942 _2lcc
_cBK-SCHOLAS
999 _c33561
_d33561